A report on education in China (for American educational authorities) (Record no. 20619)

MARC details
000 -LEADER
fixed length control field 00943cam a22002651 4500
001 - CONTROL NUMBER
control field e 23000163
003 - CONTROL NUMBER IDENTIFIER
control field DLC
005 - DATE AND TIME OF LATEST TRANSACTION
control field 20260227111214.0
007 - PHYSICAL DESCRIPTION FIXED FIELD--GENERAL INFORMATION
fixed length control field cr_|||||||||||
008 - FIXED-LENGTH DATA ELEMENTS--GENERAL INFORMATION
fixed length control field 790430s1922 nyu 000 0 eng c
010 ## - LIBRARY OF CONGRESS CONTROL NUMBER
LC control number e 23000163
035 ## - SYSTEM CONTROL NUMBER
System control number (OCoLC)4911829
040 ## - CATALOGING SOURCE
Original cataloging agency U. S. Off. of Educ. Library
Transcribing agency CCC
Modifying agency OCoLC
-- DLC
042 ## - AUTHENTICATION CODE
Authentication code premarc
050 00 - LIBRARY OF CONGRESS CALL NUMBER
Classification number LA1131
Item number .M6
100 1# - MAIN ENTRY--PERSONAL NAME
Personal name Monroe, Paul,
Dates associated with a name 1869-1947.
245 02 - TITLE STATEMENT
Title A report on education in China (for American educational authorities)
Statement of responsibility, etc. by Paul Monroe.
260 ## - PUBLICATION, DISTRIBUTION, ETC.
Place of publication, distribution, etc. New York,
Date of publication, distribution, etc. 1922.
300 ## - PHYSICAL DESCRIPTION
Extent 41, [2] p.
Other physical details incl. tables.
Dimensions 23 cm.
490 0# - SERIES STATEMENT
Series statement The Institute of International Education. Bulletin. 3d ser.
Volume/sequential designation no. 4
500 ## - GENERAL NOTE
General note At head of title: The Institute of International Education.
530 ## - ADDITIONAL PHYSICAL FORM AVAILABLE NOTE
Additional physical form available note Also available in digital form on the Internet Archive Web site.
650 #0 - SUBJECT ADDED ENTRY--TOPICAL TERM
Topical term or geographic name entry element Education
Geographic subdivision China.
856 41 - ELECTRONIC LOCATION AND ACCESS
Uniform Resource Identifier <a href="http://hdl.loc.gov/loc.gdc/scd0001.00198454746">http://hdl.loc.gov/loc.gdc/scd0001.00198454746</a>

No items available.

Powered by Koha